000 00586nam a2200217 a 4500
999 _c965
_d965
003 BD-JhCC
005 20190920134007.0
008 171012s2005 bg |||| ||a| 000 0 ben d
020 _a9844124867
035 _a(BD-JhCC)
040 _aBD-JhCC
_dBD-JhCC
041 _aben
082 _a891.443
_bHUQ 2005
100 _aহক, মজনু-নুল
245 _aজীবন যেমন /
_cমজনু-নুল হক
260 _aঢাকা :
_bঅনন্যা,
_c2005.
300 _a160 p.:
_c22 cm.
650 _aBangali Novel
942 _2ddc
_cBK
_02